| 000 | 00442nam a22001457a 4500 | ||
|---|---|---|---|
| 999 |
_c7899 _d7899 |
||
| 003 | OSt | ||
| 005 | 20200601114239.0 | ||
| 008 | 200601b ||||| |||| 00| 0 eng d | ||
| 020 | _a9789810909536 | ||
| 082 |
_a929 _b FER |
||
| 100 | _a Ferrer, Ricard, | ||
| 245 | _aSketching & drawing : techniques for product and furniture designers | ||
| 260 |
_a Spain _bParramon Paidotribo World Rights _c2014 |
||
| 942 | _2ddc | ||